<?xml version="1.0" encoding="UTF-8"?>
<record
    xmlns:xsi="http://www.w3.org/2001/XMLSchema-instance"
    xsi:schemaLocation="http://www.loc.gov/MARC21/slim http://www.loc.gov/standards/marcxml/schema/MARC21slim.xsd"
    xmlns="http://www.loc.gov/MARC21/slim">

  <leader>01119nam a22002657a 4500</leader>
  <controlfield tag="003">OSt</controlfield>
  <controlfield tag="005">20240619143559.0</controlfield>
  <controlfield tag="008">240619b           ||||| |||| 00| 0 eng d</controlfield>
  <datafield tag="040" ind1=" " ind2=" ">
    <subfield code="c">AIMIT LIBRARY</subfield>
  </datafield>
  <datafield tag="082" ind1=" " ind2=" ">
    <subfield code="a">331.8</subfield>
    <subfield code="b">INDR</subfield>
  </datafield>
  <datafield tag="110" ind1=" " ind2=" ">
    <subfield code="a">National University of Educational Planning and Administration</subfield>
    <subfield code="9">171180</subfield>
  </datafield>
  <datafield tag="245" ind1=" " ind2=" ">
    <subfield code="a">Indian Journal of Industrial Relations :</subfield>
    <subfield code="b">review of economic &amp; social development /</subfield>
    <subfield code="c">By National University of Educational Planning and Administration.</subfield>
  </datafield>
  <datafield tag="260" ind1=" " ind2=" ">
    <subfield code="a">New Delhi :</subfield>
    <subfield code="b">Shri Ram Centre ,</subfield>
    <subfield code="c">2013.</subfield>
  </datafield>
  <datafield tag="300" ind1=" " ind2=" ">
    <subfield code="b">HB</subfield>
    <subfield code="c">25.5 cm.</subfield>
  </datafield>
  <datafield tag="440" ind1=" " ind2=" ">
    <subfield code="a">Indian Journal of Industrial Relations</subfield>
    <subfield code="v">Vol.48 No.4/2013, Vol.49 No.1&amp;2/2013</subfield>
    <subfield code="9">171181</subfield>
  </datafield>
  <datafield tag="440" ind1=" " ind2=" ">
    <subfield code="v">Vol.46 No.3&amp;4/2011,Vol.47 No.1/2011</subfield>
  </datafield>
  <datafield tag="440" ind1=" " ind2=" ">
    <subfield code="v">Vol.45 No.4/2010, Vol.46 No.1&amp;2/2010</subfield>
  </datafield>
  <datafield tag="440" ind1=" " ind2=" ">
    <subfield code="v">Vol.50 No.3&amp;4-2015</subfield>
  </datafield>
  <datafield tag="440" ind1=" " ind2=" ">
    <subfield code="v">Vol.47 No.2-2011, Vol.48 No.2-2012, Vol.48 No.3-2013</subfield>
  </datafield>
  <datafield tag="440" ind1=" " ind2=" ">
    <subfield code="v">Vol.51 No.1&amp;2-2015</subfield>
  </datafield>
  <datafield tag="650" ind1=" " ind2=" ">
    <subfield code="a">HRD system in India</subfield>
    <subfield code="9">171182</subfield>
  </datafield>
  <datafield tag="650" ind1=" " ind2=" ">
    <subfield code="a">Determinants of sickness presenteeism</subfield>
    <subfield code="9">171183</subfield>
  </datafield>
  <datafield tag="650" ind1=" " ind2=" ">
    <subfield code="a">Impact of gender sensitive practices on job satisfaction</subfield>
    <subfield code="9">171184</subfield>
  </datafield>
  <datafield tag="942" ind1=" " ind2=" ">
    <subfield code="2">ddc</subfield>
    <subfield code="c">BV</subfield>
    <subfield code="k">331.8 INDR</subfield>
  </datafield>
  <datafield tag="999" ind1=" " ind2=" ">
    <subfield code="c">231226</subfield>
    <subfield code="d">231226</subfield>
  </datafield>
  <datafield tag="952" ind1=" " ind2=" ">
    <subfield code="0">0</subfield>
    <subfield code="1">0</subfield>
    <subfield code="2">ddc</subfield>
    <subfield code="4">0</subfield>
    <subfield code="7">0</subfield>
    <subfield code="8">MBA</subfield>
    <subfield code="a">AIMIT</subfield>
    <subfield code="b">AIMIT</subfield>
    <subfield code="c">BV</subfield>
    <subfield code="d">2013-01-21</subfield>
    <subfield code="h">Vol.48 No.4/2013/ Vol.49 No.1&amp;2/2013</subfield>
    <subfield code="l">0</subfield>
    <subfield code="o">331.8 INDR</subfield>
    <subfield code="p">BVM795</subfield>
    <subfield code="r">2024-06-19 00:00:00</subfield>
    <subfield code="w">2024-06-19</subfield>
    <subfield code="y">BV</subfield>
  </datafield>
  <datafield tag="952" ind1=" " ind2=" ">
    <subfield code="0">0</subfield>
    <subfield code="1">0</subfield>
    <subfield code="2">ddc</subfield>
    <subfield code="4">0</subfield>
    <subfield code="7">0</subfield>
    <subfield code="8">MBA</subfield>
    <subfield code="a">AIMIT</subfield>
    <subfield code="b">AIMIT</subfield>
    <subfield code="c">BV</subfield>
    <subfield code="d">2011-10-10</subfield>
    <subfield code="h">Vol.46 No.3&amp;4/2011/Vol.47 No.1/2011</subfield>
    <subfield code="l">0</subfield>
    <subfield code="o">331.8 INDR</subfield>
    <subfield code="p">BVM793</subfield>
    <subfield code="r">2024-06-19 00:00:00</subfield>
    <subfield code="y">BV</subfield>
  </datafield>
  <datafield tag="952" ind1=" " ind2=" ">
    <subfield code="0">0</subfield>
    <subfield code="1">0</subfield>
    <subfield code="2">ddc</subfield>
    <subfield code="4">0</subfield>
    <subfield code="7">0</subfield>
    <subfield code="8">MBA</subfield>
    <subfield code="a">AIMIT</subfield>
    <subfield code="b">AIMIT</subfield>
    <subfield code="c">BV</subfield>
    <subfield code="d">2011-01-10</subfield>
    <subfield code="h">Vol.45 No.4/2010/Vol.46 No.1&amp;2/2010</subfield>
    <subfield code="l">0</subfield>
    <subfield code="o">331.8 INDR</subfield>
    <subfield code="p">BVM792</subfield>
    <subfield code="r">2024-06-19 00:00:00</subfield>
    <subfield code="w">2024-06-19</subfield>
    <subfield code="y">BV</subfield>
  </datafield>
  <datafield tag="952" ind1=" " ind2=" ">
    <subfield code="0">0</subfield>
    <subfield code="1">0</subfield>
    <subfield code="2">ddc</subfield>
    <subfield code="4">0</subfield>
    <subfield code="7">0</subfield>
    <subfield code="8">MBA</subfield>
    <subfield code="a">AIMIT</subfield>
    <subfield code="b">AIMIT</subfield>
    <subfield code="c">BV</subfield>
    <subfield code="d">2015-10-01</subfield>
    <subfield code="h">Vol.51 No.1&amp;2/2015</subfield>
    <subfield code="l">0</subfield>
    <subfield code="o">331.8 INDR</subfield>
    <subfield code="p">BVM727</subfield>
    <subfield code="r">2024-06-19 00:00:00</subfield>
    <subfield code="w">2024-06-19</subfield>
    <subfield code="y">BV</subfield>
  </datafield>
  <datafield tag="952" ind1=" " ind2=" ">
    <subfield code="0">0</subfield>
    <subfield code="1">0</subfield>
    <subfield code="2">ddc</subfield>
    <subfield code="4">0</subfield>
    <subfield code="7">0</subfield>
    <subfield code="8">MBA</subfield>
    <subfield code="a">AIMIT</subfield>
    <subfield code="b">AIMIT</subfield>
    <subfield code="c">BV</subfield>
    <subfield code="d">2013-02-14</subfield>
    <subfield code="h">Vol.47 No.2-2011/Vol.48 No.2-2012/Vol.48 No.3-2013</subfield>
    <subfield code="l">0</subfield>
    <subfield code="o">331.8 INDR</subfield>
    <subfield code="p">BVM794</subfield>
    <subfield code="r">2024-06-19 00:00:00</subfield>
    <subfield code="w">2024-06-19</subfield>
    <subfield code="y">BV</subfield>
  </datafield>
  <datafield tag="952" ind1=" " ind2=" ">
    <subfield code="0">0</subfield>
    <subfield code="1">0</subfield>
    <subfield code="2">ddc</subfield>
    <subfield code="4">0</subfield>
    <subfield code="7">0</subfield>
    <subfield code="8">MBA</subfield>
    <subfield code="a">AIMIT</subfield>
    <subfield code="b">AIMIT</subfield>
    <subfield code="c">BV</subfield>
    <subfield code="d">2015-06-10</subfield>
    <subfield code="h">Vol.50 No.3&amp;4-2015</subfield>
    <subfield code="l">0</subfield>
    <subfield code="o">331.8 INDR</subfield>
    <subfield code="p">BVM726</subfield>
    <subfield code="r">2024-06-19 00:00:00</subfield>
    <subfield code="w">2024-06-19</subfield>
    <subfield code="y">BV</subfield>
  </datafield>
</record>
